000 00489nam a2200169Ia 4500
005 20250508151647.0
008 008 250505s9999 xx 000 0 eng d
037 _aTextual
040 _aFEDL
_beng
_cFEDL
041 _aeng
_2eng
084 _a378.547, KAR
_qFEDL
245 0 _aHand book of the Karnatak university. Part 2
260 _aDharwar, India
_bKarnatak University
_c1954
300 _axiii,949p.
942 _cTEXL
_h378.547, KAR
999 _c1331229
_d1331229